000 00646nam a2200277Ia 4500
005 20260324144807.0
008 008 260324s9999 xx 000 0 eng d
020 _a9781315067469
037 _aEBOOK
040 _aCRL
040 _beng
040 _cCRL
041 _2eng
041 _aeng
084 _qCRL
100 _a Romiszowski, A.J.
_91220631
245 0 _aDeveloping Auto-instructional Materials
260 _bTaylor and Francis
260 _c1986
365 _a
365 _b190
856 _uhttp://www.taylorfrancis.com/books/9781315067469
942 _cEBOOK
999 _c1827693
_d1827693